Production for the graphic designer (Record no. 30394)

MARC details
000 -LEADER
fixed length control field 00268nam a2200109Ia 4500
082 ## - DEWEY DECIMAL CLASSIFICATION NUMBER
Classification number 655.26
Item number CRA
100 ## - MAIN ENTRY--AUTHOR NAME
Personal name James
245 #0 - TITLE STATEMENT
Title Production for the graphic designer
260 ## - PUBLICATION, DISTRIBUTION, ETC. (IMPRINT)
Place of publication New York
Name of publisher Watson
Year of publication 1974
942 ## - ADDED ENTRY ELEMENTS (KOHA)
Koha item type Books
Holdings
Withdrawn status Lost status Damaged status Not for loan Home library Current library Date acquired Full call number Accession Number Koha item type
        RRII Library RRII Library 16/12/2021 655.26 CRA 10966 Books